[Event "TCh-NED 2008-9"]
[Site "Netherlands NED"]
[Date "2009.04.18"]
[Round "8"]
[White "Dambacher,M"]
[Black "Richter,Ch"]
[Result "1-0"]
[WhiteElo "2485"]
[BlackElo "2403"]

1.d4 Nf6 2.c4 g6 3.Nc3 Bg7 4.e4 d6 5.Nf3 O-O 6.Be2 Na6 7.O-O e5 8.Be3 Qe8
9.d5 Ng4 10.Bd2 f5 11.Ne1 Nf6 12.f3 f4 13.g4 fxg3 14.hxg3 g5 15.Bxg5 Qg6
16.Bh4 Bh6 17.Ng2 Kh8 18.Bd3 Nh5 19.Ne2 Bh3 20.Rb1 Rg8 21.b4 Nxg3 22.Nxg3 Bf4
23.Nxf4 exf4 24.e5 Qh6 25.Bf6+ Rg7 26.Qd2 Rf8 27.Bxg7+ Qxg7 28.e6 Bxf1 29.Kxf1 fxg3
30.Kg2 Qf6 31.Qb2 Kg7 32.Qxf6+ Kxf6 33.Kxg3 h5 34.c5 Ke5 35.Re1+ Kf6 36.Bxa6 bxa6
37.cxd6 cxd6 38.Rc1 Ke5 39.e7 Re8 40.Rc7 Kxd5 41.Rxa7 Kc4 42.a3 d5 43.f4 d4
44.f5  1-0

[Event "Sydney International Open"]
[Site "Parramatta AUS"]
[Date "2009.04.18"]
[Round "7"]
[White "Steadman,M"]
[Black "Stojic,S"]
[Result "1-0"]
[WhiteElo "2262"]
[BlackElo "1989"]

1.d4 Nf6 2.c4 g6 3.Nc3 Bg7 4.e4 d6 5.Nf3 O-O 6.Be2 Na6 7.O-O e5 8.Qc2 exd4
9.Nxd4 Nc5 10.Rd1 Qe7 11.f3 c6 12.b4 Ne6 13.Be3 Rd8 14.Rac1 Nh5 15.Qd2 Nhf4
16.Bf1 Qf6 17.Nb3 Bd7 18.Qf2 Be8 19.Bxa7 c5 20.Bb6 Rdc8 21.bxc5 dxc5 22.Nd5 Qg5
23.g3 Nh5 24.f4 Qg4 25.Ne3  1-0

[Event "Sydney International Open"]
[Site "Parramatta AUS"]
[Date "2009.04.18"]
[Round "7"]
[White "Smirnov,Vl1"]
[Black "Bennett,H"]
[Result "1-0"]
[WhiteElo "2365"]
[BlackElo "2028"]

1.d4 Nf6 2.Nf3 g6 3.c4 Bg7 4.Nc3 O-O 5.e4 d6 6.Be2 e5 7.O-O Na6 8.Be3 Ng4
9.Bg5 Qe8 10.h3 exd4 11.Nd5 f6 12.Bh4 c6 13.hxg4 cxd5 14.exd5 f5 15.Re1 fxg4
16.Nxd4 g5 17.Bg3 Qe4 18.Nb5 Nb4 19.Nxd6 Qc2 20.a3 Qxd1 21.Rexd1 Nc2 22.Rac1 Nd4
23.Bd3 h5 24.Re1 Nb3 25.Rb1 Bd4 26.Re7 Nc5 27.Bh7+ Kh8 28.Bc2 Be6 29.Rh7+ Kg8
30.Rxh5  1-0

[Event "Sydney International Open"]
[Site "Parramatta AUS"]
[Date "2009.04.18"]
[Round "8"]
[White "Oliver,G"]
[Black "Lester,G"]
[Result "1-0"]
[WhiteElo "2187"]
[BlackElo "1801"]

1.d4 Nf6 2.c4 g6 3.Nc3 Bg7 4.e4 d6 5.Be2 O-O 6.Nf3 e5 7.O-O Na6 8.Be3 Ng4
9.Bg5 Qe8 10.h3 h6 11.Bc1 exd4 12.Nxd4 Nf6 13.Bf3 c6 14.Bf4 Qe7 15.Qd2 Kh7
16.Rad1 Rd8 17.Rfe1 Nd7 18.Bg3 Ne5 19.Be2 Be6 20.b3 Qg5 21.Bf4 Qe7 22.Bh2 f6
23.f4 Bc8 24.Qc2 Nf7 25.h4 f5 26.h5 Bxd4+ 27.Rxd4 Qf6 28.hxg6+ Kxg6 29.Qd1 Be6
30.Bh5+ Kh7 31.exf5 Qxf5 32.Rde4 Nc5 33.R4e3 d5 34.cxd5 Bxd5 35.Bg4 Qg6 36.Nxd5 Rxd5
37.Qe2 Nd6 38.Re7+ Kh8 39.Qb2+ Kg8 40.Be6+ Nxe6 41.R1xe6 Rd1+ 42.Kf2 Qg4
43.Rxh6 Ne4+ 44.Rxe4 Rad8 45.Qh8+  1-0

[Event "Sydney International Open"]
[Site "Parramatta AUS"]
[Date "2009.04.18"]
[Round "8"]
[White "Karavade,E"]
[Black "Sengupta,D"]
[Result "1/2-1/2"]
[WhiteElo "2359"]
[BlackElo "2466"]

1.d4 Nf6 2.c4 g6 3.Nc3 Bg7 4.e4 d6 5.Nf3 O-O 6.Be2 Na6 7.O-O e5 8.Be3 h6
9.Re1 Ng4 10.Bc1 exd4 11.Nxd4 Qh4 12.Bxg4 Bxg4 13.Nf3 Qd8 14.h3 Be6 15.Nd5 Nc5
16.Nd4 Bd7 17.Bf4 Re8 18.f3 f5 19.b4 Na6 20.Rb1 Qh4 21.Kh2 fxe4 22.fxe4 c6
23.Nf3 Qd8 24.b5 Nc5 25.bxc6 bxc6 26.Bxd6 cxd5 27.Qxd5+ Ne6 28.Ne5 Bxe5+
29.Bxe5 Ba4 30.Rb7 Qxd5 31.cxd5 Rad8 32.dxe6 Rxe6 33.Rxa7 Bb5 34.Ba1 Rd7
35.Rxd7 Bxd7 36.a3 Rb6 37.Rd1 Be6 38.Bc3 Rb3 39.Bb4 g5 40.Kg1 h5 41.Kf2 g4
42.hxg4 hxg4 43.Bd6 g3+ 44.Bxg3 Rxa3 45.Rc1 Kf7 46.Bf4 Bg4 47.Rc5 Rb3 48.Be3 Bd1
49.Rd5 Bg4 50.Rc5 Bd1 51.Rc1 Rd3 52.Bf4 Ke6 53.Ra1 Bg4 54.Re1 Bh5 55.Rh1 Bd1
56.Rh6+ Kf7 57.Be3 Bg4  1/2-1/2

[Event "4th Open"]
[Site "Angers FRA"]
[Date "2009.04.19"]
[Round "5"]
[White "Soyer,J"]
[Black "Robveille,L"]
[Result "1-0"]
[WhiteElo "2092"]
[BlackElo "1915"]

1.Nf3 Nf6 2.c4 g6 3.Nc3 Bg7 4.e4 O-O 5.d4 d6 6.Be2 e5 7.d5 Na6 8.Bg5 h6 9.Bh4 g5
10.Bg3 Nh5 11.h4 Nxg3 12.fxg3 g4 13.Nd2 h5 14.O-O Bf6 15.Bd3 Be7 16.Qe2 c6
17.Qe3 Qb6 18.Qxb6 axb6 19.Rac1 Nc5 20.Bb1 Na4 21.Nd1 Bd7 22.b3 Nc5 23.Ne3 Bd8
24.Nf5 Bc7 25.Ne3 Na6 26.Kf2 Nb4 27.a4 Bb8 28.Ke2 b5 29.dxc6 bxc6 30.axb5 cxb5
31.Nd5 Nxd5 32.cxd5 b4 33.Bd3 Ba7 34.Rc7 Bd4 35.Rxd7 Ra2 36.Rc1 Bc3 37.Bc2 Rb2
38.Nc4 Ra2 39.Kd3 f5 40.Nxd6 fxe4+ 41.Nxe4 Bd4 42.Bd1 Bf2 43.Rcc7  1-0

[Event "ch-MGL"]
[Site "Ulan Bator MGL"]
[Date "2009.04.19"]
[Round "13"]
[White "Batchuluun,T"]
[Black "Byambaa,Z"]
[Result "0-1"]
[WhiteElo "2391"]
[BlackElo "2272"]

1.d4 Nf6 2.c4 g6 3.Nc3 Bg7 4.e4 d6 5.Nf3 O-O 6.Be2 e5 7.O-O Na6 8.Be3 c6
9.dxe5 dxe5 10.Qxd8 Rxd8 11.Nxe5 Nxe4 12.Nxe4 Bxe5 13.Rad1 Bf5 14.Bf3 Bxe4
15.Bxe4 Bxb2 16.Rxd8+ Rxd8 17.Rb1 Ba3 18.Kf1 Rd7 19.Bxa7 Bc5 20.Bxc5 Nxc5
21.Bc2 Rd2 22.Rc1 Kg7 23.Ke1 Rd4 24.Bb1 f5 25.Rc3 Kf6 26.g3 Ke5 27.f4+ Kd6
28.Bc2 Ne4 29.Bxe4 Rxe4+ 30.Kd2 Kc5 31.Rb3 b6 32.Ra3 Rxc4 33.Ra7 b5 34.Rxh7 Ra4
35.Rh6 Rxa2+ 36.Kc3 b4+ 37.Kb3 Ra3+ 38.Kb2 Kc4 39.Rxg6 c5 40.Re6 Rb3+ 41.Kc2 Rf3
42.Kd1 b3 43.Rb6 Kc3 44.Ke2 Rd3 45.Rxb3+ Kxb3 46.Kxd3 c4+ 47.Kd4 c3 48.Ke5 c2
49.Kxf5 c1=Q 50.h4 Qc5+ 51.Kf6 Qf8+ 52.Kg6 Qg8+ 53.Kf5 Qxg3 54.h5 Qh4 55.Kg6 Qg4+  0-1

[Event "ch-MGL"]
[Site "Ulan Bator MGL"]
[Date "2009.04.19"]
[Round "14"]
[White "Tuvsanaa,N"]
[Black "Erkhembayar,D"]
[Result "1/2-1/2"]
[WhiteElo "2301"]
[BlackElo "2343"]

1.d4 d6 2.c4 e5 3.Nf3 Nd7 4.Nc3 Ngf6 5.e4 g6 6.Be2 Bg7 7.O-O O-O 8.Re1 c6
9.Bf1 Qc7 10.a3 a6 11.d5 c5 12.h3 Nh5 13.Be3 h6 14.Rb1 Kh7 15.Nh2 Qd8 16.b4 b6
17.Qc2 Bf6 18.Qd2 Bg5 19.g3 f5 20.exf5 gxf5 21.Bd3 Kh8 22.h4 Bxe3 23.Qxe3 Qf6
24.Qf3 Qg6 25.bxc5 bxc5 26.Be2 Nhf6 27.a4 Ra7 28.a5 e4 29.Qf4 Ne5 30.Rb6 Nfd7
31.Rb3 Rb7 32.Reb1 Rxb3 33.Rxb3 Kg7 34.Na4 Qf6 35.Nb6 Ng6 36.Qc1 Nxb6 37.Rxb6 f4
38.Ng4 Bxg4 39.Rb7+ Kh8 40.Bxg4 Ne5 41.Be2 fxg3 42.fxg3 Qf2+ 43.Kh1 e3 44.Qb1 Rf7
45.Rxf7 Nxf7 46.Qf1 Qxf1+ 47.Bxf1 Kg7 48.Kg2 Ne5 49.Be2 Kf6 50.g4 Ng6 51.Kg3 Ke5
52.g5 hxg5 53.hxg5 Nf4 54.Kf3 Nxe2 55.Kxe2 Kf5 56.Kxe3 Kxg5  1/2-1/2

[Event "Magnificent Chess UWI Masters"]
[Site "Mona JAM"]
[Date "2009.04.21"]
[Round "5"]
[White "Warner,De"]
[Black "Pitterson,J"]
[Result "0-1"]
[WhiteElo "2209"]
[BlackElo "2242"]

1.d4 Nf6 2.c4 g6 3.Nc3 Bg7 4.e4 d6 5.Nf3 O-O 6.Be2 e5 7.O-O Na6 8.Be3 c6
9.d5 Ng4 10.Bd2 f5 11.a3 c5 12.Ne1 Nf6 13.exf5 gxf5 14.f4 e4 15.Nc2 Nc7 16.Be3 Bd7
17.h3 Qe8 18.g4 fxg4 19.Bxg4 Nxg4 20.hxg4 Qg6 21.g5 h6 22.Rf2 hxg5 23.fxg5 Rxf2
24.Kxf2 Rf8+ 25.Ke1 Qh7 26.Kd2 b5 27.Qe2 bxc4 28.Qxc4 Qh2+ 29.Qe2 Bxc3+ 30.bxc3 Qxe2+
31.Kxe2 Nxd5 32.Kd2 Ba4 33.Re1 Rf3 34.Na1 Nxe3 35.Rxe3 Rxe3 36.Kxe3 d5 37.c4 d4+
38.Kxe4 Kg7 39.Kf4 Kg6 40.Kg4 d3 41.Kf3 d2  0-1

[Event "K41 Scandinavian Open"]
[Site "Copenhagen DEN"]
[Date "2009.04.22"]
[Round "7"]
[White "Tikkanen,H"]
[Black "Bekker Jensen,S"]
[Result "1-0"]
[WhiteElo "2425"]
[BlackElo "2411"]

1.d4 Nf6 2.c4 g6 3.Nc3 Bg7 4.e4 d6 5.Nf3 O-O 6.Be2 e5 7.O-O Na6 8.Be3 Ng4
9.Bg5 Qe8 10.h3 h6 11.Bc1 Nf6 12.dxe5 dxe5 13.Be3 Qe7 14.Nd5 Qd8 15.Qc2 c6
16.Nxf6+ Qxf6 17.Rfd1 Qe7 18.Qd2 Kh7 19.c5 Nxc5 20.Qb4 b6 21.Rac1 Be6 22.b3 f5
23.Bxc5 bxc5 24.Qxc5 Qxc5 25.Rxc5 fxe4 26.Nh2 Rfc8 27.Ba6 Rc7 28.Rd6 Bd7
29.Ng4 Re8 30.Nf6+ Bxf6 31.Rxf6 Kg7 32.Rd6 Re6 33.Rd2 Re7 34.Rd6 Be8 35.Bc4 g5
36.Kf1 e3 37.fxe3 e4 38.Ke1 Red7 39.Rcxc6 Rxc6 40.Rxc6 Rd1+ 41.Kxd1 Bxc6
42.Kd2 Kf6 43.Kc3 Ke5 44.Ba6 Bd7 45.a4 g4 46.hxg4 Bxg4 47.a5 Bd7 48.b4 h5
49.g3  1-0

[Event "Magnificent Chess UWI Masters"]
[Site "Mona JAM"]
[Date "2009.04.22"]
[Round "7"]
[White "Vilela de Acuna,J"]
[Black "Pitterson,J"]
[Result "1/2-1/2"]
[WhiteElo "2338"]
[BlackElo "2242"]

1.d4 Nf6 2.c4 g6 3.Nc3 Bg7 4.e4 d6 5.Be2 O-O 6.Nf3 e5 7.O-O Na6 8.Be3 c6
9.Qc2 Ng4 10.Bg5 f6 11.Bh4 g5 12.Bg3 Qe7 13.Rad1 Kh8 14.a3 Nc7 15.d5 c5 16.Ne1 Nh6
17.Nd3 f5 18.f3 f4 19.Bf2 Ne8 20.b4 b6 21.bxc5  1/2-1/2

[Event "VI Magistral Hebraica"]
[Site "Sao Paulo BRA"]
[Date "2009.04.23"]
[Round "4"]
[White "Milos,G"]
[Black "Perdomo,L"]
[Result "1-0"]
[WhiteElo "2585"]
[BlackElo "2387"]

1.d4 Nf6 2.c4 g6 3.Nc3 Bg7 4.e4 d6 5.Nf3 O-O 6.Be2 e5 7.O-O Nbd7 8.Re1 c6
9.Bf1 a5 10.h3 exd4 11.Nxd4 Re8 12.Bf4 Nc5 13.Qc2 Nfd7 14.Be3 Nf6 15.f3 Nh5
16.Qf2 g5 17.Red1 Be5 18.Nxc6 bxc6 19.Bxc5 dxc5 20.Rxd8 Rxd8 21.Ne2 Nf4 22.Qe3 Nd3
23.Kh1 h6 24.Rb1 Be6 25.b3 Rab8 26.Nc3 Nf4 27.Rc1 Nh5 28.Ne2 Rd4 29.g4 Ng3+
30.Nxg3 Bxg3 31.Qc3 Bf4 32.Rc2 Ra8 33.Kg2 f6 34.Qe1 Kg7 35.Re2 Kf7 36.h4 Ra7
37.e5 fxe5 38.hxg5 hxg5 39.Rxe5 Bxe5 40.Qxe5 Rd1 41.Qxg5 Rad7 42.Qh5+ Ke7
43.Qxc5+ Kf7 44.Qh5+ Ke7 45.Qg5+ Kf7 46.Qxa5 R7d2+ 47.Kg3 Rc2 48.Qh5+ Kg7
49.Qe5+ Kf7 50.g5 Rxf1 51.Qf6+  1-0

[Event "zt 3.5 Men"]
[Site "Beijing CHN"]
[Date "2009.04.24"]
[Round "7"]
[White "Xu Jun"]
[Black "Li Shilong"]
[Result "1/2-1/2"]
[WhiteElo "2498"]
[BlackElo "2557"]

1.d4 Nf6 2.c4 g6 3.Nc3 Bg7 4.e4 O-O 5.Nf3 d6 6.Be2 Nbd7 7.O-O e5 8.Re1 c6
9.Bf1 a5 10.dxe5 dxe5 11.Na4 Qe7 12.b3 b6 13.Qc2 Rb8 14.Bb2 Nh5 15.g3 Re8
16.a3 Nf8 17.b4 axb4 18.axb4 Bg4 19.Nd2 Qe6 20.b5 Rec8 21.Nc3 cxb5 22.Nxb5 Bh3
23.Be2 Bh6 24.Nc3 Nf6 25.Nf3 N8d7 26.Bc1 Bxc1 27.Qxc1 Bg4 28.Ng5 Qe7 29.Bxg4 Nxg4
30.Nd5 Qc5 31.Qd2 Ra8 32.Rab1 Kg7 33.Rec1 h6 34.Nf3 Ra3 35.Kg2 Ngf6 36.Nxf6 Nxf6
37.Rb5 Qc6 38.Rxe5 Ra4 39.Re7 Nxe4 40.Qf4 Ng5 41.Rc3 Ra2 42.Qe5+ Kg8 43.h4 Ra5
44.Qe2 Ne6  1/2-1/2

[Event "11th Dubai Open"]
[Site "Dubai UAE"]
[Date "2009.04.27"]
[Round "2"]
[White "Poghosyan,S"]
[Black "Jankovic,A"]
[Result "1/2-1/2"]
[WhiteElo "2285"]
[BlackElo "2540"]

1.d4 Nf6 2.c4 g6 3.Nc3 Bg7 4.e4 d6 5.Be2 O-O 6.Nf3 Nbd7 7.O-O e5 8.Be3 Re8
9.d5 Nh5 10.Re1 a5 11.a3 Rf8 12.b4 Nf4 13.Bf1 f5 14.c5 axb4 15.axb4 Rxa1
16.Qxa1 fxe4 17.Nxe4 Nf6 18.Nxf6+ Qxf6 19.cxd6 cxd6 20.Qa5 Nh3+ 21.gxh3 Qxf3
22.Bg2 Qh5 23.Qc7 Bxh3 24.Qxd6 Re8 25.Bxh3 Qxh3 26.Qc7 Qg4+ 27.Kf1 Qh3+ 28.Kg1 Qg4+  1/2-1/2

[Event "IV Tch-ESP Selecciones Autonomicas"]
[Site "Villava ESP"]
[Date "2009.04.30"]
[Round "1"]
[White "Gallardo Garcia,A"]
[Black "Tattersall Rodriguez,L"]
[Result "1-0"]
[WhiteElo "2407"]
[BlackElo "2305"]

1.d4 Nf6 2.c4 g6 3.Nc3 Bg7 4.e4 d6 5.Nf3 O-O 6.Be2 e5 7.O-O Nbd7 8.Re1 c6
9.Bf1 exd4 10.Nxd4 Re8 11.Rb1 Nc5 12.f3 a5 13.Be3 Ne6 14.Qd2 Nc7 15.Rbd1 Nd7
16.Bf2 Ne5 17.Na4 Nd7 18.Nb3 b5 19.Nb6 Nxb6 20.Bxb6 a4 21.Na5 bxc4 22.Nxc4 d5
23.exd5 Rxe1 24.Qxe1 cxd5 25.Qg3 Qf6 26.Qxc7 dxc4 27.Rd8+ Bf8 28.Bc5 Bb7
29.Rxa8 Bxa8 30.Qc8  1-0

[Event "TOP 16 GpA"]
[Site "Mulhouse FRA"]
[Date "2009.05.01"]
[Round "5"]
[White "Housieaux,D"]
[Black "Relange,E"]
[Result "1-0"]
[WhiteElo "2420"]
[BlackElo "2482"]

1.d4 Nf6 2.c4 g6 3.Nc3 Bg7 4.e4 O-O 5.Nf3 d6 6.Be2 e5 7.O-O exd4 8.Nxd4 Re8
9.f3 c6 10.Kh1 Nbd7 11.Nc2 Nc5 12.Be3 Nh5 13.g4 Nf6 14.Qd2 h5 15.g5 Nh7 16.Rad1 Bh3
17.Rg1 Be5 18.b4 Na6 19.f4 Bg7 20.Rg3 Be6 21.f5 gxf5 22.g6 Nf6 23.gxf7+ Kxf7
24.Rxg7+ Kxg7 25.Bd4 Kg6 26.exf5+ Bxf5 27.Bd3 Bxd3 28.Qxd3+ Kh6 29.Ne3 Ng4
30.Nf5+  1-0

[Event "TOP 16 GpA"]
[Site "Mulhouse FRA"]
[Date "2009.05.01"]
[Round "5"]
[White "Karr,JP"]
[Black "Carpentier,P"]
[Result "1-0"]
[WhiteElo "2388"]
[BlackElo "2235"]

1.d4 Nf6 2.c4 g6 3.Nc3 Bg7 4.e4 d6 5.Nf3 O-O 6.Be2 e5 7.O-O exd4 8.Nxd4 Re8
9.f3 Nc6 10.Be3 Nh5 11.Qd2 Nf4 12.Rfd1 Nxe2+ 13.Ncxe2 Ne5 14.b3 a5 15.a4 f5
16.exf5 gxf5 17.Ng3 Ng6 18.Nh5 Be5 19.Bg5 Qd7 20.Nf6+ Bxf6 21.Bxf6 Qf7 22.Bg5 Bd7
23.Ne2 Bc6 24.Nc3 Re5 25.Be3 f4 26.Bf2 Rae8 27.Re1 Qe6 28.Nd5 Re2 29.Qxa5 b6
30.Qc3 Bxd5 31.cxd5 Qf5 32.Qxc7 Qg5 33.Qd7 Nh4 34.Qg4 Qxg4 35.fxg4 f3 36.Bxh4 Rxg2+
37.Kh1 Ree2 38.Bg3 Rb2 39.Re3 Rgc2 40.Rd1 f2 41.Kg2 Re2 42.Rf3  1-0

[Event "XXII Open"]
[Site "Benidorm ESP"]
[Date "2009.05.02"]
[Round "9"]
[White "Arizmendi Martinez,J"]
[Black "Meszaros,Mi"]
[Result "1-0"]
[WhiteElo "2502"]
[BlackElo "2397"]

1.Nf3 Nf6 2.c4 g6 3.Nc3 Bg7 4.e4 d6 5.d4 O-O 6.Be2 e5 7.Be3 Ng4 8.Bg5 f6
9.Bc1 Nc6 10.d5 Ne7 11.h3 Nh6 12.h4 Nf7 13.h5 g5 14.Rg1 g4 15.Nh2 f5 16.g3 Nh6
17.Bg5 Qe8 18.Qd2 Qxh5 19.Bxe7 Qxh2 20.O-O-O Qxf2 21.Bxf8 Kxf8 22.exf5 Nf7
23.Rh1 Qxg3 24.f6 Bh8 25.Rdf1 e4 26.Rxh7 Kg8 27.Rh5 Bd7 28.Nxe4 Qg2 29.Ng5 Re8
30.Qd3 Bc8 31.Qd1  1-0

[Event "Champions League CAA"]
[Site "Buenos Aires ARG"]
[Date "2009.05.02"]
[Round "1"]
[White "Gibson,T"]
[Black "Restuccia,F"]
[Result "1-0"]
[WhiteElo "2272"]
[BlackElo "2114"]

1.d4 Nf6 2.c4 g6 3.Nc3 Bg7 4.e4 d6 5.Be2 O-O 6.Nf3 Na6 7.O-O e5 8.Be3 Ng4
9.Bg5 Qe8 10.h3 h6 11.Bh4 Nf6 12.c5 exd4 13.Bxf6 Bxf6 14.Nd5 Bd8 15.Bxa6 c6
16.Qxd4 bxa6 17.Nc3 dxc5 18.Qxc5 Be6 19.Qe3 Kh7 20.e5 Be7 21.Rad1 Qb8 22.Nd4 Bc5
23.Ne4 Bxd4 24.Qxd4 Qb6 25.Qc3 Rfd8 26.Rd6 Rab8 27.Rfd1 Rdc8 28.Rxe6 fxe6
29.Rd7+ Kh8 30.Qd2 g5 31.Nxg5 Rb7 32.Nf7+ Kg8 33.Nxh6+ Kh8 34.Nf7+  1-0

[Event "84th ch-ARG Semifinal"]
[Site "La Plata ARG"]
[Date "2009.05.02"]
[Round "5"]
[White "Barrionuevo,P"]
[Black "Torres,Max"]
[Result "1-0"]
[WhiteElo "2327"]
[BlackElo "2038"]

1.d4 Nf6 2.c4 g6 3.Nc3 Bg7 4.e4 d6 5.Nf3 O-O 6.Be2 e5 7.Be3 Ng4 8.Bg5 f6
9.Bc1 Nc6 10.d5 Ne7 11.h3 Nh6 12.h4 c6 13.h5 g5 14.Nh2 c5 15.g4 Kh8 16.a3 a5
17.Rb1 Rf7 18.Bd2 Neg8 19.Nf1 b6 20.Ne3 Bd7 21.b3 Be8 22.Kf1 Rfa7 23.Kg2 Ne7
24.Bd3 Nc8 25.Qe2 Bf8 26.Rb2 Be7 27.Rhb1 Qc7 28.Nb5 Bxb5 29.cxb5 Qd7 30.Bc2 Kg7
31.Rc1 Rc7 32.Bd1 Na7 33.Nc4 Rb7 34.b4 axb4 35.axb4 Nxb5 36.bxc5 Nd4 37.Qd3 bxc5
38.Nb6 Qd8 39.Rcb1 Raa7 40.f3 Qf8 41.Kg3 Bd8 42.Nc8 Rxb2 43.Nxa7 Rxb1 44.Qxb1 Qe7
45.Nc6 Qf8 46.Qb7+ Nf7 47.Qd7 c4 48.Bb4 Bb6 49.Qb7 Nxc6 50.dxc6 Qd8 51.Be2 Qc7
52.Bxc4 Nd8 53.Qxc7+ Bxc7 54.Bd5 h6 55.Kf2 Kf8 56.Ke2 Ke7 57.Kd3 Ne6 58.Bxe6 Kxe6
59.Kc4 Bd8 60.Bd2  1-0

[Event "Moscow Region Spring GM"]
[Site "Serpukhov RUS"]
[Date "2009.05.02"]
[Round "2"]
[White "Podolchenko,E"]
[Black "Savina,A"]
[Result "0-1"]
[WhiteElo "2475"]
[BlackElo "2258"]

1.d4 Nf6 2.c4 g6 3.Nc3 Bg7 4.e4 d6 5.Nf3 O-O 6.Be2 Na6 7.O-O e5 8.Re1 c6
9.Bf1 Bg4 10.d5 Nb4 11.Be2 a5 12.Be3 Na6 13.Nd2 Bd7 14.a3 h5 15.f3 Nh7 16.Rb1 c5
17.Nb5 Qe7 18.Bd3 f5 19.exf5 gxf5 20.Qc2 Kh8 21.Bf2 Qf6 22.Nf1 h4 23.Ne3 h3
24.Bxf5 Bxf5 25.Qxf5 Qxf5 26.Nxf5 Rxf5 27.Nxd6 Rf6 28.Nxb7 hxg2 29.Nxc5 Ng5
30.Kxg2 Nxf3 31.Re2 Nxc5 32.Bxc5 Rg8 33.Kh1 Rh6 34.Be3 Rh4 35.c5 e4 36.d6 Be5
37.Bg1 Rhg4 38.Be3 Bxh2  0-1

[Event "TOP 16 GpA"]
[Site "Mulhouse FRA"]
[Date "2009.05.03"]
[Round "7"]
[White "Fressinet,L"]
[Black "Todorov,T"]
[Result "1/2-1/2"]
[WhiteElo "2664"]
[BlackElo "2163"]

1.d4 Nf6 2.Nf3 g6 3.c4 Bg7 4.Nc3 O-O 5.e4 d6 6.Be2 e5 7.Be3 exd4 8.Nxd4 Re8
9.f3 c6 10.Bf2 d5 11.exd5 cxd5 12.O-O Nc6 13.c5 Nh5 14.Qd2 Be5 15.g3 Ng7
16.Rfe1 Ne6 17.Nxe6 Bxe6 18.f4 Bxc3 19.bxc3 Bf5 20.c4 dxc4 21.Qxd8 Raxd8
22.Bxc4 Re4 23.Rxe4  1/2-1/2

[Event "TOP 16 GpA"]
[Site "Mulhouse FRA"]
[Date "2009.05.03"]
[Round "7"]
[White "Feller,S"]
[Black "Nataf,IA"]
[Result "1-0"]
[WhiteElo "2539"]
[BlackElo "2533"]

1.d4 Nf6 2.c4 g6 3.Nc3 Bg7 4.e4 d6 5.Nf3 O-O 6.Be2 e5 7.Be3 c6 8.O-O exd4
9.Bxd4 Re8 10.Nd2 c5 11.Be3 Nc6 12.Re1 a6 13.a4 Nd4 14.Bg5 h6 15.Bh4 Nxe2+
16.Qxe2 Be6 17.Qd3 Qd7 18.b3 Ng4 19.Rad1 Ne5 20.Qc2 Nc6 21.Nf3 Bg4 22.Nd5 Bxf3
23.gxf3 Qh3 24.Bg3 h5 25.Nf4 Qd7 26.Ne2 h4 27.Bxh4 Qh3 28.Bg3 Ne5 29.Qc3 b5
30.cxb5 axb5 31.axb5 Qd7 32.f4 Ng4 33.Qf3 Rab8 34.e5 Rxb5 35.Rxd6 Qf5 36.Qd3 Qxd3
37.Rxd3 Reb8 38.Nc1 Nh6 39.e6 fxe6 40.f5 Re8 41.Rxe6 Rxe6 42.fxe6 Nf5 43.Rd8+ Kh7
44.Bd6 Rb4 45.Nd3 Rd4 46.e7 Nxd6 47.Nxc5 Rd1+ 48.Kg2 Re1 49.Rxd6 Rxe7 50.Ne6 Bh6
51.b4 Rb7 52.Rd4 Rb6 53.Nc5 Bg7 54.Rc4 Kh6 55.Kf3 Bf8 56.Ke2 Kg5 57.Nd3 Bd6
58.h3 Rb7 59.Kd2 Rh7 60.b5 Kf6 61.Rc6 Ke7 62.b6 Rh5 63.Rc2 Rxh3 64.b7 Rh1
65.Rb2 Rh8 66.Nb4 Rf8 67.Ke2 Kd7 68.Na6 Re8+ 69.Kf3 Rf8+ 70.Kg2 Be5 71.b8=Q Bxb8
72.Nxb8+ Kd6 73.Rd2+ Kc7 74.Na6+  1-0

[Event "TOP 16 GpA"]
[Site "Mulhouse FRA"]
[Date "2009.05.03"]
[Round "7"]
[White "Lazarev,V"]
[Black "Maze,S"]
[Result "1-0"]
[WhiteElo "2479"]
[BlackElo "2571"]

1.d4 Nf6 2.c4 g6 3.Nc3 Bg7 4.e4 d6 5.Nf3 O-O 6.Be2 Na6 7.O-O e5 8.Be3 c6
9.d5 Ng4 10.Bg5 f6 11.Bh4 c5 12.Ne1 h5 13.a3 Nh6 14.f3 Nf7 15.Rb1 Bh6 16.Bf2 f5
17.exf5 gxf5 18.b4 h4 19.Kh1 Qe7 20.Bd3 Kh8 21.f4 e4 22.Qh5 Qf6 23.Nxe4 fxe4
24.Bxe4 Qg7 25.h3 Kg8 26.Bxh4 Ng5 27.Bc2 Bd7 28.Rb3 Be8 29.Qe2 Bg6 30.Bxg6 Qxg6
31.fxg5 Rxf1+ 32.Qxf1 Bg7 33.b5 Nb8 34.Re3 Nd7 35.Qd3 Qxd3 36.Nxd3 Nb6 37.Re4 Bd4
38.Bf2 Nxc4  1-0

[Event "2nd Mayors Cup"]
[Site "Mumbai IND"]
[Date "2009.05.03"]
[Round "3"]
[White "Gupta,Ab"]
[Black "Singh,Gurp"]
[Result "1-0"]
[WhiteElo "2570"]
[BlackElo "2268"]

1.d4 Nf6 2.c4 g6 3.Nc3 Bg7 4.e4 d6 5.Nf3 O-O 6.Be2 e5 7.Be3 Ng4 8.Bg5 f6
9.Bh4 Qe8 10.O-O h5 11.h3 Nh6 12.c5 Na6 13.Qb3+ Kh7 14.Nd5 Rf7 15.cxd6 cxd6
16.Rac1 Be6 17.Bb5 Qg8 18.Bc4 Re8 19.Nxf6+ Rxf6 20.Bxf6  1-0

[Event "GM"]
[Site "Ostrava CZE"]
[Date "2009.05.03"]
[Round "1"]
[White "Hracek,Z"]
[Black "Socko,B"]
[Result "1/2-1/2"]
[WhiteElo "2604"]
[BlackElo "2637"]

1.d4 Nf6 2.c4 g6 3.Nc3 Bg7 4.e4 d6 5.Nf3 O-O 6.Be2 e5 7.O-O Qe8 8.dxe5 dxe5
9.b4 Qe7 10.Qb3 c6 11.Be3 Re8 12.Rad1 Na6 13.c5 Nc7 14.Rd6 Nh5 15.Bc4 Nf4
16.Bxf4 exf4 17.e5 Bf5 18.Rfd1 Rf8 19.Re1 Kh8 20.Ne2 g5 21.Ned4 Bc8 22.h4 g4
23.Ng5 f6 24.Nge6 Bxe6 25.Nxe6 Nxe6 26.Rxe6 Qc7 27.h5 fxe5 28.h6 Bf6 29.Qd3 Rad8
30.Qf5 Qf7 31.Qxg4 Qg6 32.Qf3 Rd4 33.Bb3 Qg5 34.Re4 Rxe4 35.Qxe4 Qxh6 36.Rd6 Qg7
37.Be6 f3 38.g3 Qg5  1/2-1/2

[Event "ch-LTU"]
[Site "Vilnius LTU"]
[Date "2009.05.03"]
[Round "3"]
[White "Cmilyte,V"]
[Black "Malisauskas,V"]
[Result "0-1"]
[WhiteElo "2498"]
[BlackElo "2459"]

1.d4 Nf6 2.c4 g6 3.Nc3 Bg7 4.e4 O-O 5.Nf3 d6 6.Be2 e5 7.O-O Na6 8.Re1 Nh5
9.Be3 Nf4 10.Bxf4 exf4 11.h3 c5 12.Nd5 Nc7 13.Nxf4 cxd4 14.Bf1 Ne6 15.Nd5 a5
16.b3 Bd7 17.Qd2 Re8 18.Rad1 Bc6 19.h4 Nc5 20.Bd3 Bd7 21.g3 Bg4 22.Kg2 h5
23.Bb1 Ne6 24.Rc1 Bxf3+ 25.Kxf3 Nc7 26.Kg2 Nxd5 27.cxd5 Qb6 28.Bd3 Rac8 29.Bc4 Qb4
30.Qd3 Bh6 31.f4 Qa3 32.Rc2 Bg7 33.Rce2 b5 34.Bxb5 Rc3 35.Qd2 Rec8 36.Bc6 Qc5
37.Kh3 Bh6 38.Rf2 Rb8 39.e5 dxe5 40.Rxe5 Bg7 41.Re4 Qd6 42.Rxd4 Bxd4 43.Qxd4 Rxc6
44.f5 Rb4 45.Qd2 Rg4 46.Rf3 gxf5 47.Qd3 Rb6 48.Qxf5 Qg6 49.Qc8+ Kg7 50.Qc3+ Kh7
51.Re3 Qf5  0-1

[Event "Moscow Region Spring GM"]
[Site "Serpukhov RUS"]
[Date "2009.05.04"]
[Round "7"]
[White "Belov,Ig1"]
[Black "Belous,V"]
[Result "1-0"]
[WhiteElo "2443"]
[BlackElo "2414"]

1.Nf3 Nf6 2.c4 g6 3.Nc3 Bg7 4.e4 d6 5.d4 O-O 6.Be2 e5 7.d5 Nbd7 8.Be3 Ng4
9.Bd2 a5 10.h3 Ngf6 11.Bg5 Nc5 12.Nd2 Bd7 13.b3 c6 14.a3 Qb6 15.Rb1 cxd5
16.cxd5 Rfc8 17.O-O Qd8 18.a4 h6 19.Be3 Ne8 20.Rc1 Kh7 21.Bb5 Bf6 22.Bxc5 Rxc5
23.Bxd7 Qxd7 24.Nc4 Qd8 25.Nb5 Be7 26.Qd3 Nc7 27.f4 Nxb5 28.axb5 exf4 29.Rxf4 f6
30.b6 Qd7 31.Ra1 Qb5 32.Ra4 Ra6 33.Rf3 Kg7 34.Kh2 Qd7 35.Rg3 Qe8 36.Qf3 Rb5
37.Qd1 Rb4 38.Qa1 Qb5 39.Qa2 Kf7 40.Qc2 g5 41.Rf3 Kg7 42.Ne3 Qc5 43.Nf5+ Kf7
44.Rc3  1-0

[Event "Moscow Region Spring GM"]
[Site "Serpukhov RUS"]
[Date "2009.05.05"]
[Round "8"]
[White "Belous,V"]
[Black "Kashlinskaya,A"]
[Result "1-0"]
[WhiteElo "2414"]
[BlackElo "2344"]

1.d4 Nf6 2.c4 g6 3.Nc3 Bg7 4.e4 d6 5.Nf3 O-O 6.Be2 Na6 7.O-O e5 8.Be3 Ng4
9.Bg5 Qe8 10.c5 exd4 11.Nd5 f6 12.Bxa6 bxa6 13.Nxc7 Qxe4 14.Qb3+ Kh8 15.Rfe1 Qc6
16.cxd6 fxg5 17.Nxa8 Qxa8 18.Rac1 Bb7 19.d7 Bxf3 20.Qxf3 Qxf3 21.gxf3 Nf6
22.Re7 d3 23.Kf1 d2 24.Rd1 Rd8 25.Rxd2 Kg8 26.b3 Kf8 27.Re6 Nxd7 28.Rxa6 Ke7
29.Rxa7 Be5 30.Kg2 Bf4 31.Rd1 Bd6 32.Re1+ Kf6 33.Ra6 Nc5 34.Rc6 Nd3 35.Rd1 Nf4+
36.Kf1 Ke5 37.Rc4 Ke6 38.a4 Rb8 39.Re4+ Be5 40.b4 Kf6 41.b5 Bc7 42.Rd7 Ba5
43.Ra7 Bc3 44.Rc4 Ba1 45.Rd7 Ke6 46.Rd1 Be5 47.Rc6+ Kf5 48.Rb1 Nd5 49.b6 Nc3
50.Rb4 Rd8 51.f4 gxf4 52.Kg2 g5 53.Rc5 g4 54.Rxe5+ Kxe5 55.b7 Rb8 56.a5 Nd5
57.Rb5 Kd6 58.a6 Nc7 59.a7  1-0

[Event "Copenhagen Chess Challenge"]
[Site "Ballerup DEN"]
[Date "2009.05.06"]
[Round "1"]
[White "Gandrud,V"]
[Black "Janev,E"]
[Result "0-1"]
[WhiteElo "2124"]
[BlackElo "2458"]

1.d4 Nf6 2.c4 d6 3.Nf3 g6 4.Nc3 Bg7 5.e4 O-O 6.Be2 e5 7.O-O exd4 8.Nxd4 Re8
9.f3 c6 10.Kh1 Nh5 11.Be3 f5 12.Qd2 f4 13.Bf2 Be5 14.Rfd1 Na6 15.Nc2 Be6
16.Rab1 Qf6 17.Na4 Nc7 18.Bd4 Bf7 19.Bxe5 dxe5 20.Qb4 Ng3+ 21.hxg3 fxg3 22.Qc5 Ne6
23.Qe3 Nf4 24.Kg1 Qh4 25.Nc3 Qh2+ 26.Kf1 Qxg2+ 27.Ke1 Rad8 28.Rd3 Qh2  0-1